000 02403nam0a2200361 4500
001 RU\NLR\BIBL_A\012904638
005 20251227175613.0
010 _a978-5-6048034-2-4
021 _aRU
_bКН-П-22-032929
_9КН-П-22-2806
035 _a(NLR Aleph) 012904638
035 _a(RuMoRGB)011078972
090 _a12593519
_c12593519
100 _a20221007d2022 k y0rusy50 ca
101 0 _aeng
102 _aRU
105 _aa j 000zy
181 0 _ai
_baxxe
182 0 _an
200 1 _aAutonomic medications
_eучебное пособие для студентов, обучающихся на языке посреднике (английский)
_eнаправление подготовки 33.05.01. Фармация
_fД. И. Поздняков
_gПятигорский медико-фармацевтический институт- филиал Федерального государственного бюджетного образовательного учреждения высшего образования "Волгоградский государственный медицинский университет" Министерства здравоохранения Российской Федерации, Кафедра фармакологии с курсом клинической фармакологии
203 _aТекст
_bвизуальный
_cнепосредственный
210 _aПятигорск
_cРИА-КМВ
_d2022
215 _a75 с.
_cил.
_d21
320 _a"Recommended lit." : с. 75 (5 назв.)
330 _aПособие содержит учебный материал, примеры тестовых заданий для студентов на английском языке
541 1 _aФармацевтические препараты, влияющие на вегетативную нервную систему
606 1 _aВегетативная нервная система
_xВлияние фармацевтических препаратов
_jУчебные издания для высших учебных заведений
_2nlr_sh1
_2nlr_sh2
_3RU\NLR\AUTH\66195536
675 _a615.1(075.8)
_v4
686 1 _aР281.711я73
700 1 _aPozdnjakov
_bD. I.
_gDmitrij Igorevič
942 _cBOOK
980 _aNB